<?xml version="1.0" encoding="UTF-8"?>
<collection xmlns="http://www.loc.gov/MARC21/slim">
<record>
  <controlfield tag="001">167447</controlfield>
  <controlfield tag="005">20260121151437.0</controlfield>
  <datafield tag="037" ind1=" " ind2=" ">
    <subfield code="a">TAZ-TFG-2025-596</subfield>
  </datafield>
  <datafield tag="041" ind1=" " ind2=" ">
    <subfield code="a">spa</subfield>
  </datafield>
  <datafield tag="100" ind1="1" ind2=" ">
    <subfield code="a">Matute Lozano, Nerea</subfield>
  </datafield>
  <datafield tag="242" ind1="0" ind2="0">
    <subfield code="a">Quality improvement project for urgent care for ocular splashes of chemical origin</subfield>
  </datafield>
  <datafield tag="245" ind1="0" ind2="0">
    <subfield code="a">Proyecto de mejora de la calidad para las asistencias urgentes ante salpicaduras oculares de origen químico</subfield>
  </datafield>
  <datafield tag="260" ind1=" " ind2=" ">
    <subfield code="a">Zaragoza</subfield>
    <subfield code="b">Universidad de Zaragoza</subfield>
    <subfield code="c">2025</subfield>
  </datafield>
  <datafield tag="506" ind1=" " ind2=" ">
    <subfield code="a">by-nc-sa</subfield>
    <subfield code="b">Creative Commons</subfield>
    <subfield code="c">3.0</subfield>
    <subfield code="u">http://creativecommons.org/licenses/by-nc-sa/3.0/</subfield>
  </datafield>
  <datafield tag="520" ind1=" " ind2=" ">
    <subfield code="a">Introducción: Las salpicaduras oculares de origen químico constituyen una urgencia oftálmica debido a que provocan lesiones de naturaleza tiempo-dependiente, es decir, cuanto mayor es el tiempo de exposición, más irreversible se vuelve la lesión ocular. La familiaridad de las sustancias químicas incrementa el riesgo de exposición en todo tipo de personas, ya que la sensación de seguridad puede llevar a un uso inapropiado, aumentando la probabilidad de accidentes. Las repercusiones de no actuar de una manera adecuada ante este tipo de accidentes pueden resultar sumamente graves, representando un reto significativo que debemos abordar.&lt;br />Por ello, un correcto manejo de la situación ante una salpicadura ocular de origen químico desde el momento de la exposición, incluyendo la llegada al Servicio de Urgencias Hospitalario (SUH), es esencial para la evolución clínica del paciente. Ofrecer una actuación inmediata e implementar protocolos específicos son factores cruciales para la reducción de daños permanentes y preservar la mayor función ocular posible.&lt;br />Objetivo: Desarrollar un proyecto de mejora de la calidad para las asistencias urgentes ante salpicaduras oculares de origen químico mediante diversas propuestas como es la elaboración de un protocolo actualizado, formación del personal sanitario e instalación de un lavaojos en el SUH.&lt;br />Metodología: Se ha elaborado un proyecto de la mejora de la calidad de las asistencias urgentes ante salpicaduras oculares de origen químico basado en el modelo PDCA (Planificar, Hacer, Verificar Actuar) del ciclo de Deming. El ámbito de aplicación de la propuesta de carácter docente, será el Hospital Universitario Miguel Servet de Zaragoza cuya población diana engloba al personal sanitario correspondiente al SUH.&lt;br />Conclusión: El lavado ocular inmediato ante una salpicadura ocular de origen químico es inherente tanto a la evolución de las lesiones como a su impacto a largo plazo y cuyo objetivo es eliminar el agente químico y minimizar los daños oculares. La formación del personal sanitario ante dichas asistencias urgentes es fundamental para garantizar una respuesta eficaz y ofrecer la mejor calidad de los cuidados en situaciones críticas.&lt;br />Palabras clave: Lavado ocular, químico, urgencia, quemadura.&lt;br />&lt;br /></subfield>
  </datafield>
  <datafield tag="521" ind1=" " ind2=" ">
    <subfield code="a">Graduado en Enfermería</subfield>
  </datafield>
  <datafield tag="540" ind1=" " ind2=" ">
    <subfield code="a">Derechos regulados por licencia Creative Commons</subfield>
  </datafield>
  <datafield tag="856" ind1="0" ind2=" ">
    <subfield code="f">840017@celes.unizar.es</subfield>
  </datafield>
  <datafield tag="856" ind1="4" ind2=" ">
    <subfield code="s">1045639</subfield>
    <subfield code="u">http://zaguan.unizar.es/record/167447/files/TAZ-TFG-2025-596.pdf</subfield>
    <subfield code="y">Memoria (spa)</subfield>
  </datafield>
  <datafield tag="909" ind1="C" ind2="O">
    <subfield code="o">oai:zaguan.unizar.es:167447</subfield>
    <subfield code="p">driver</subfield>
    <subfield code="p">trabajos-fin-grado</subfield>
  </datafield>
  <datafield tag="950" ind1=" " ind2=" ">
    <subfield code="a"></subfield>
  </datafield>
  <datafield tag="691" ind1=" " ind2=" ">
    <subfield code="a">3 4 9</subfield>
  </datafield>
  <datafield tag="692" ind1=" " ind2=" ">
    <subfield code="a">El presente proyecto de mejora permite el desarrollo de los profesionales sanitarios para la mejora de la calidad asistencial, influyendo directamente sobre la salud de la población, mediante el uso de recursos educativos y materiales innovadores.</subfield>
  </datafield>
  <datafield tag="700" ind1=" " ind2=" ">
    <subfield code="a">Aguilón Leiva, Juan José</subfield>
    <subfield code="e">dir.</subfield>
  </datafield>
  <datafield tag="710" ind1="2" ind2=" ">
    <subfield code="a">Universidad de Zaragoza</subfield>
    <subfield code="b">Fisiatría y Enfermería</subfield>
    <subfield code="c">Enfermería</subfield>
  </datafield>
  <datafield tag="980" ind1=" " ind2=" ">
    <subfield code="a">TAZ</subfield>
    <subfield code="b">TFG</subfield>
    <subfield code="c">EUCS</subfield>
  </datafield>
  <datafield tag="999" ind1=" " ind2=" ">
    <subfield code="a">20250511213236.CREATION_DATE</subfield>
  </datafield>
  <datafield tag="951" ind1=" " ind2=" ">
    <subfield code="a">deposita:2026-01-21</subfield>
  </datafield>
</record>
</collection>